01135nam a2200301Ia 4500001001200000003000800012006001900020007001500039008004100054020001500095040002100110035002000131050002800151082001700179100002200196245008600218260004600304300001100350500002000361533015200381650002600533650003600559650004900595655002900644710001700673856012600690999001700816ebr10060500CaPaEBRm u cr cn|||||||||031022s2004 cau gs 001 0 eng d z1593270305 aCaPaEBRcCaPaEBR a(OCoLC)7072040814aQA76.9.U83bW375 2004eb04a005.4/382221 aWarkus, Matthias.14aThe official GNOME 2 developer's guideh[electronic resource] /cMatthias Warkus. aSan Francisco :bNo Starch Press,cc2004. a497 p. aIncludes index. aElectronic reproduction.bPalo Alto, Calif. :cebrary,d2009.nAvailable via World Wide Web.nAccess may be limited to ebrary affiliated libraries. 0aComputer programming. 0aComputer softwarexDevelopment. 0aGraphical user interfaces (Computer systems) 7aElectronic books.2local2 aebrary, Inc.40uhttp://site.ebrary.com/lib/rucke/Doc?id=10060500zAn electronic book accessible through the World Wide Web; click to view c46018d46018